[Event "4th Stage Russian Cup"]
[Site "Samara RUS"]
[Date "2002.07.30"]
[Round "5"]
[White "Loskutov,O"]
[Black "Skatchkov,P"]
[Result "1-0"]
[WhiteElo "2406"]
[BlackElo "2485"]
[EventDate "2002.07.26"]

1. e4 e5 2. Nf3 Nf6 3. d4 Nxe4 4. Bd3 d5 5. Nxe5 Nd7 6. Nxd7 Bxd7 7. O-O
Qh4 8. g3 Qh3 9. f3 Nf6 10. Re1+ Be6 11. Re5 Ng4 12. fxg4 h5 13. gxh5 O-O-O
14. Bf1 Qg4 15. Qxg4 Bxg4 16. Be2 Be6 17. Bg5 Re8 18. Nc3 c5 19. Bb5 Bd6
20. Bxe8 cxd4 21. Rxe6 fxe6 22. Nb5 1-0

[Event "4th Stage Russian Cup"]
[Site "Samara RUS"]
[Date "2002.07.30"]
[Round "5"]
[White "Iskusnyh,S"]
[Black "Kurnosov,I"]
[Result "0-1"]
[WhiteElo "2485"]
[BlackElo "2433"]
[EventDate "2002.07.26"]

1. c4 Nf6 2. Nc3 g6 3. g3 Bg7 4. Bg2 O-O 5. Nf3 d6 6. O-O Nc6 7. Rb1 Bf5 8.
d3 Qd7 9. b4 Bh3 10. b5 Nd8 11. Bxh3 Qxh3 12. Bg5 Ng4 13. Nd5 Ne6 14. Be3
f5 15. d4 f4 16. gxf4 Ng5 17. Re1 Nxf3+ 18. exf3 Nxh2 0-1

[Event "4th Stage Russian Cup"]
[Site "Samara RUS"]
[Date "2002.07.30"]
[Round "5"]
[White "Yurtaev,L"]
[Black "Grachev,B"]
[Result "0-1"]
[WhiteElo "2552"]
[BlackElo "2466"]
[EventDate "2002.07.26"]

1. e4 c5 2. Nf3 e6 3. Nc3 Nc6 4. d4 cxd4 5. Nxd4 Qc7 6. g3 d6 7. Bg2 Nf6 8.
Ndb5 Qb8 9. Bf4 e5 10. Bg5 a6 11. Na3 Bg4 12. Bf3 Bxf3 13. Qxf3 Nd4 14. Qd3
Nd7 15. O-O Nc5 16. Qd1 b5 17. b4 Nce6 18. Bd2 g6 19. Nd5 Bg7 20. c3 Nc6
21. f4 exf4 22. gxf4 Nc7 23. f5 gxf5 24. Nc2 Nxd5 25. exd5 Ne7 26. Ne3 Rg8
27. Kh1 Qb7 28. Qf3 Be5 29. Rae1 f6 30. c4 bxc4 31. Nxc4 Rd8 32. a4 Qxd5
33. Qxd5 Nxd5 34. Rxf5 Ke7 35. Rh5 Ke6 36. Rxh7 Rh8 37. Nxe5 fxe5 38. Rxh8
Rxh8 39. Rb1 Nb6 40. b5 Nxa4 41. bxa6 Ra8 42. Ra1 Rxa6 43. h4 Nc5 44. Rxa6
Nxa6 45. Kg2 Kf5 46. Kf3 Nc5 47. h5 Ne4 48. Bb4 d5 49. Bf8 Ng5+ 50. Ke3 Ne6
51. Be7 e4 52. Kf2 Nf4 53. h6 Kg6 54. Ba3 d4 55. Kg3 d3 56. Bb4 e3 0-1

[Event "4th Stage Russian Cup"]
[Site "Samara RUS"]
[Date "2002.07.30"]
[Round "5"]
[White "Smirnov,P"]
[Black "Popov,Val"]
[Result "1-0"]
[WhiteElo "2539"]
[BlackElo "2579"]
[EventDate "2002.07.26"]

1. e4 e6 2. d4 d5 3. Nc3 Bb4 4. e5 c5 5. a3 Ba5 6. b4 cxd4 7. Nb5 Bc7 8. f4
Bd7 9. Nxc7+ Qxc7 10. Nf3 Ne7 11. Bd3 a6 12. Bb2 Nbc6 13. O-O Qb6 14. Kh1
h6 15. Qd2 g6 16. Qf2 Qc7 17. Nxd4 Nxd4 18. Bxd4 Bb5 19. Bc5 h5 20. Qh4 Nf5
21. Bxf5 gxf5 22. Rf3 Qd8 23. Qf2 Kd7 24. a4 Bc6 25. Bb6 Qe7 26. Qd4 Ke8
27. b5 Bd7 28. bxa6 Rxa6 29. a5 Rg8 30. Raa3 Bc6 31. Rg3 Rg4 32. h3 Qh4 33.
Kh2 Rg6 34. Rxg6 fxg6 35. Rg3 Kf7 36. Rg5 Qe1 37. Qc5 Rxb6 38. Qxb6 Qd2 39.
Qb3 h4 40. Qf3 d4 41. Qf1 Be4 42. Kg1 Qxc2 43. Qf2 d3 44. Qxh4 d2 45. Qh7+
Kf8 46. Rxg6 d1=Q+ 47. Kh2 Qxg2+ 48. Rxg2 Bxg2 49. Qh6+ Ke7 50. Qg7+ Kd8
51. Qxg2 Qe1 52. Qg8+ Kc7 53. Qf7+ Kb8 54. Qf8+ Ka7 55. Qc5+ Ka8 56. Kg2
Qe4+ 57. Kg3 Qe1+ 58. Qf2 Qxa5 59. h4 Qa3+ 60. Qf3 Qf8 61. h5 Ka7 62. Kh3
b5 63. Qg2 Qa3+ 64. Kh4 Qe7+ 65. Qg5 Qb7 66. Qg1+ Ka6 67. h6 b4 68. Qg7 b3
69. Qxb7+ Kxb7 70. h7 b2 71. h8=Q b1=Q 72. Kg5 Qb3 73. Kf6 Qc4 74. Qe8 Qxf4
75. Qxe6 Qh4+ 76. Kxf5 Qh3+ 77. Kf6 Qh4+ 78. Kf7 Qh5+ 79. Ke7 Qh4+ 80. Qf6
Qb4+ 1-0

[Event "4th Stage Russian Cup"]
[Site "Samara RUS"]
[Date "2002.07.30"]
[Round "5"]
[White "Nevostrujev,V"]
[Black "Solovjov,S"]
[Result "1-0"]
[WhiteElo "2502"]
[BlackElo "2457"]
[EventDate "2002.07.26"]

1. e4 c5 2. Nf3 d6 3. d4 cxd4 4. Nxd4 Nf6 5. Nc3 g6 6. Be3 Bg7 7. f3 O-O 8.
Qd2 Nc6 9. O-O-O Bd7 10. g4 Qa5 11. Nb3 Qc7 12. g5 Nh5 13. Be2 Rac8 14. Nd5
Qd8 15. f4 e6 16. Nc3 Nb4 17. Kb1 Bc6 18. Nd4 Qa5 19. a3 Na6 20. Bf3 Nc5
21. Nxc6 Rxc6 22. Ne2 Qa6 23. Bxc5 dxc5 24. e5 Rcc8 25. Bxh5 gxh5 26. Ng3
b5 27. Nxh5 b4 28. Nf6+ Kh8 29. Qd3 Qxd3 30. Rxd3 Bxf6 31. gxf6 c4 32. Rg3
c3 33. axb4 cxb2 34. Rhg1 Rc4 35. Rh3 Rg8 36. Rxg8+ Kxg8 37. Rg3+ Kf8 38.
Ra3 Rxb4 39. Rxa7 Ke8 40. Re7+ Kf8 41. Rc7 Ke8 42. c4 Kd8 43. Rxf7 Rxc4 44.
f5 1-0

[Event "4th Stage Russian Cup"]
[Site "Samara RUS"]
[Date "2002.07.30"]
[Round "5"]
[White "Loginov,Va"]
[Black "Arzumanian,G"]
[Result "0-1"]
[WhiteElo "2526"]
[BlackElo "2461"]
[EventDate "2002.07.26"]

1. Nf3 c5 2. c4 Nc6 3. Nc3 e5 4. g3 g6 5. Bg2 Bg7 6. a3 a5 7. O-O Nge7 8.
Ne1 d6 9. Nc2 O-O 10. d3 Be6 11. Ne3 f5 12. Ned5 h6 13. f4 exf4 14. gxf4
Bf7 15. Bd2 Re8 16. Kh1 Rb8 17. Rb1 Nxd5 18. cxd5 Ne7 19. e4 b5 20. Ne2 b4
21. axb4 axb4 22. b3 Ra8 23. Ng3 Ra2 24. Be3 Nxd5 25. Bd2 Nc3 26. Bxc3 bxc3
27. Qf3 Qd7 28. exf5 gxf5 29. Bh3 Be6 30. Rbe1 Rf8 31. Rg1 Kh8 32. Nh5 Rg8
33. Rg6 Bf7 34. Nf6 Qd8 35. Nxg8 Bxg6 36. Ne7 Qxe7 37. Rxe7 Ra1+ 38. Kg2 c2
39. Qb7 c1=Q 40. Kg3 Qc3 41. Qc8+ Kh7 42. Bxf5 Rg1+ 43. Kf3 Qf6 44. Be6
Bh5+ 0-1

[Event "4th Stage Russian Cup"]
[Site "Samara RUS"]
[Date "2002.07.30"]
[Round "5"]
[White "Shestoperov,A"]
[Black "Iljushin,A"]
[Result "1/2-1/2"]
[WhiteElo "2458"]
[BlackElo "2526"]
[EventDate "2002.07.26"]

1. d4 Nf6 2. Nf3 e6 3. g3 b6 4. Bg2 Bb7 5. c4 Be7 6. O-O O-O 7. Nc3 Ne4 8.
Nxe4 Bxe4 9. Ne1 Bxg2 10. Nxg2 d5 1/2-1/2

[Event "4th Stage Russian Cup"]
[Site "Samara RUS"]
[Date "2002.07.30"]
[Round "5"]
[White "Yevseev,D"]
[Black "Zakharevich,I"]
[Result "1-0"]
[WhiteElo "2546"]
[BlackElo "2463"]
[EventDate "2002.07.26"]

1. d4 Nf6 2. c4 e6 3. g3 d5 4. Bg2 dxc4 5. Nf3 c5 6. O-O Nc6 7. Qa4 Bd7 8.
Qxc4 b5 9. Qd3 Rc8 10. dxc5 Bxc5 11. Nc3 b4 12. Ne4 Nxe4 13. Qxe4 Ne7 14.
Ne5 Bb5 15. Be3 Bxe3 16. Qxe3 Nf5 17. Qxa7 O-O 18. Qb7 Bxe2 19. Rfe1 Nd4
20. Rac1 Rxc1 21. Rxc1 Bh5 22. Kh1 Ne2 23. Rf1 Qd2 24. Nc4 Qd4 25. Qxb4 Rc8
26. b3 Nc3 27. Qd6 Rd8 28. Qxd4 Rxd4 29. a4 Bd1 30. Ne3 1-0

[Event "4th Stage Russian Cup"]
[Site "Samara RUS"]
[Date "2002.07.31"]
[Round "6"]
[White "Chuprov,D"]
[Black "Smirnov,P"]
[Result "1-0"]
[WhiteElo "2468"]
[BlackElo "2539"]
[EventDate "2002.07.26"]

1. d4 d5 2. c4 c6 3. Nf3 Nf6 4. Nc3 e6 5. e3 Nbd7 6. Bd3 dxc4 7. Bxc4 b5 8.
Bb3 b4 9. Ne2 Bb7 10. O-O Bd6 11. Ng3 O-O 12. e4 Bxg3 13. e5 Bxe5 14. dxe5
Nd5 15. Bg5 f6 16. exf6 gxf6 17. Bh6 Rf7 18. Nd4 Nc5 19. Rc1 Nxb3 20. axb3
e5 21. Nxc6 Qd7 22. Na5 Ba6 23. Re1 Rd8 24. Qf3 Ne7 25. Red1 Bd3 26. Nb7 e4
27. Qg3+ Ng6 28. Nxd8 Qxd8 29. Rc5 1-0

[Event "4th Stage Russian Cup"]
[Site "Samara RUS"]
[Date "2002.07.31"]
[Round "6"]
[White "Grachev,B"]
[Black "Kornev,Alexe"]
[Result "1-0"]
[WhiteElo "2466"]
[BlackElo "2567"]
[EventDate "2002.07.26"]

1. d4 d5 2. c4 c6 3. Nf3 Nf6 4. Nc3 a6 5. c5 Bf5 6. Qb3 Qc8 7. Na4 Nbd7 8.
Ne5 h6 9. f3 Bh7 10. Bf4 g5 11. Bg3 Bg7 12. e3 O-O 13. Bd3 Nxe5 14. Bxe5
Bxd3 15. Qxd3 Qe6 16. g4 Nd7 17. Bxg7 Kxg7 18. h4 Qg6 19. Qb3 Rab8 20.
O-O-O f5 21. hxg5 hxg5 22. gxf5 Rxf5 23. e4 dxe4 24. fxe4 Rf4 25. Nc3 g4
26. Rdg1 Nf6 27. Qe6 Re8 28. Qe5 Rf2 29. d5 Rf3 30. Rh4 Kf8 31. Rh8+ Kf7
32. Qe6+ Kg7 33. Rxe8 Qxe8 34. e5 1-0

[Event "4th Stage Russian Cup"]
[Site "Samara RUS"]
[Date "2002.07.31"]
[Round "6"]
[White "Bezgodov,A"]
[Black "Kurenkov,N"]
[Result "1-0"]
[WhiteElo "2518"]
[BlackElo "2381"]
[EventDate "2002.07.26"]

1. e4 c5 2. Nf3 d6 3. d4 cxd4 4. Nxd4 Nf6 5. Nc3 a6 6. Bg5 Nc6 7. f4 Qb6 8.
Nb3 Qe3+ 9. Qe2 Qxe2+ 10. Bxe2 e6 11. Bxf6 gxf6 12. Bh5 Bd7 13. O-O-O b5
14. a3 Bh6 15. g3 Ke7 16. Kb1 Rhd8 17. Rhe1 Rac8 18. Bg4 Rf8 19. Rd3 Rfd8
20. h3 Rg8 21. Nd5+ exd5 22. exd5+ Ne5 23. fxe5 fxe5 24. Nd4 Rcf8 25. Nf5+
Bxf5 26. Bxf5 Rg7 27. Rf1 Rfg8 28. Rff3 Rg5 29. Rc3 Rd8 30. Rc7+ Ke8 31.
Ra7 1-0

[Event "4th Stage Russian Cup"]
[Site "Samara RUS"]
[Date "2002.07.31"]
[Round "6"]
[White "Kurnosov,I"]
[Black "Vaulin,A"]
[Result "1/2-1/2"]
[WhiteElo "2433"]
[BlackElo "2544"]
[EventDate "2002.07.26"]

1. e4 c5 2. Nf3 d6 3. d4 cxd4 4. Nxd4 Nf6 5. Nc3 a6 6. Bg5 e6 7. f4 Qb6 8.
Qd2 Qxb2 9. Nb3 Nbd7 10. Bxf6 gxf6 11. Be2 Nc5 12. O-O Bd7 13. Rab1 Qa3 14.
Kh1 Rc8 15. f5 Nxb3 16. Rxb3 Qc5 17. Bh5 Bc6 18. Nd5 exd5 19. Rc3 Qb5 20.
Be2 Qb6 21. exd5 Bd7 22. Re1 Rxc3 23. Qxc3 Be7 24. Bh5 Qf2 25. h3 Rg8 26.
Re2 Qxf5 27. Qe3 Qe5 28. Qa7 Qf5 29. Qe3 Qe5 30. Qa7 Qf5 1/2-1/2

[Event "4th Stage Russian Cup"]
[Site "Samara RUS"]
[Date "2002.07.31"]
[Round "6"]
[White "Obukhov,A"]
[Black "Nevostrujev,V"]
[Result "1/2-1/2"]
[WhiteElo "2444"]
[BlackElo "2502"]
[EventDate "2002.07.26"]

1. Nf3 c5 2. c4 g6 3. g3 Bg7 4. Bg2 Nc6 5. O-O e6 6. Nc3 Nge7 7. d3 O-O 8.
Bg5 h6 9. Bd2 b6 10. a3 Bb7 11. Rb1 d6 12. b4 Qd7 13. bxc5 dxc5 14. Ne1 Nd4
15. Ne4 Bc6 16. Nc3 Rad8 17. a4 Bxg2 18. Nxg2 Nec6 19. Nb5 Kh7 20. a5 Nxb5
21. Rxb5 Nd4 22. Rb1 Qc6 23. axb6 axb6 24. Be3 f5 1/2-1/2

[Event "4th Stage Russian Cup"]
[Site "Samara RUS"]
[Date "2002.07.31"]
[Round "6"]
[White "Loskutov,O"]
[Black "Kruppa,Y"]
[Result "1/2-1/2"]
[WhiteElo "2406"]
[BlackElo "2544"]
[EventDate "2002.07.26"]

1. e4 e6 2. d4 d5 3. Nc3 Bb4 4. e5 c5 5. a3 Bxc3+ 6. bxc3 Nc6 7. Qg4 g6 8.
h4 Qa5 9. Bd2 Qa4 10. Rh3 Nxe5 11. Qf4 Nc6 12. dxc5 Qxf4 13. Bxf4 e5 14.
Bxe5 f6 15. Bd6 Bxh3 16. Nxh3 Nge7 17. Rb1 O-O-O 18. Bb5 Nf5 19. Bh2 Ne5
20. Nf4 a6 21. Ba4 Nc4 22. f3 g5 23. hxg5 fxg5 24. Ne2 h5 25. Kf2 Rh6 26.
Nd4 Nxd4 27. cxd4 Re6 28. Ra1 g4 29. Bb3 h4 30. fxg4 Ne3 31. Bd6 Nxg4+ 32.
Kf3 Nf6 33. Rh1 Rh8 34. Be5 Rh7 35. Kf4 Rh5 36. Rh3 Rc6 37. Bd6 Rxd6 38.
cxd6 Kd7 39. Re3 Kxd6 40. Re5 h3 41. gxh3 Rxh3 42. Rf5 Ke6 43. Re5+ Kd6 44.
Rf5 1/2-1/2

[Event "4th Stage Russian Cup"]
[Site "Samara RUS"]
[Date "2002.07.31"]
[Round "6"]
[White "Shinkevich,V"]
[Black "Fominyh,A"]
[Result "1/2-1/2"]
[WhiteElo "2487"]
[BlackElo "2530"]
[EventDate "2002.07.26"]

1. d4 d5 2. c4 dxc4 3. e3 e5 4. Nc3 Nc6 5. Nf3 exd4 6. exd4 Na5 7. Ne5 Nf6
8. Nxc4 Nc6 9. d5 Nb4 10. Ne3 c6 11. dxc6 Qxd1+ 12. Ncxd1 Nxc6 13. Bb5 Bd7
14. O-O a6 15. Bc4 Ne5 16. Be2 Bc6 17. Nc4 Nxc4 1/2-1/2

[Event "4th Stage Russian Cup"]
[Site "Samara RUS"]
[Date "2002.07.31"]
[Round "6"]
[White "Iljushin,A"]
[Black "Pridorozhni,A"]
[Result "1-0"]
[WhiteElo "2526"]
[BlackElo "2453"]
[EventDate "2002.07.26"]

1. d4 d5 2. c4 e6 3. Nf3 Nf6 4. Nc3 c6 5. e3 Nbd7 6. Qc2 Bd6 7. Bd3 Qe7 8.
O-O O-O 9. c5 Bc7 10. e4 Nxe4 11. Nxe4 dxe4 12. Bxe4 h6 13. Re1 Nf6 14. Bd3
b6 15. b4 Nd5 16. Bd2 a5 17. a3 bxc5 18. bxc5 Ba6 19. Bxa6 Rxa6 20. Rab1
Raa8 21. g3 Rfb8 22. Rxb8+ Rxb8 23. Rb1 Qd8 24. Ne5 Rxb1+ 25. Qxb1 Bxe5 26.
dxe5 a4 27. h4 1-0

[Event "4th Stage Russian Cup"]
[Site "Samara RUS"]
[Date "2002.07.31"]
[Round "6"]
[White "Lysyj,I"]
[Black "Tunik,G"]
[Result "1-0"]
[WhiteElo "2382"]
[BlackElo "2505"]
[EventDate "2002.07.26"]

1. Nf3 Nf6 2. c4 e6 3. g3 b6 4. Bg2 Bb7 5. O-O c5 6. Nc3 d6 7. Re1 Be7 8.
e4 a6 9. b3 Qc7 10. Bb2 O-O 11. d4 cxd4 12. Nxd4 Re8 13. Qd2 Nbd7 14. Rad1
Rac8 15. h3 Qb8 16. f4 Bf8 17. Kh2 Nc5 18. Re2 Rcd8 19. Rde1 h6 20. Nc2 Ba8
21. b4 Ncd7 22. Qd3 Rc8 23. a3 Red8 24. Rd2 Qc7 25. Ne3 Bc6 26. Rc1 Qb8 27.
Re2 b5 28. cxb5 axb5 29. Rec2 Qb6 30. Nb1 Bb7 31. Rxc8 Rxc8 32. Rxc8 Bxc8
33. Nc3 Ba6 34. Nc2 e5 35. Ne3 h5 36. f5 Bb7 37. Bc1 Bc6 38. Qc2 Be7 39. g4
hxg4 40. hxg4 Bd8 41. g5 Nh5 42. Ned5 Qa7 43. Be3 Qxa3 44. Nxb5 Qa6 45.
Nbc3 Qc4 46. Qd1 Bxd5 47. Nxd5 g6 48. Qa4 Nf8 49. Qe8 gxf5 50. Qxd8 f4 51.
Ne7+ Kg7 52. Nf5+ Kg8 53. Ne7+ Kg7 54. Qxd6 Ne6 55. Qxe5+ Kh7 56. Qf5+ Kg7
57. Qe5+ Kh7 58. Qb8 Nxg5 59. Qg8+ 1-0

[Event "4th Stage Russian Cup"]
[Site "Samara RUS"]
[Date "2002.07.31"]
[Round "6"]
[White "Yandemirov,V"]
[Black "Shestoperov,A"]
[Result "1/2-1/2"]
[WhiteElo "2502"]
[BlackElo "2458"]
[EventDate "2002.07.26"]

1. e4 c5 2. Nf3 e6 3. c4 Nc6 4. Nc3 Nf6 5. Be2 e5 6. O-O d6 7. d3 Be7 8. a3
O-O 9. Rb1 a5 10. Ne1 Nd4 11. Nc2 Bd7 12. f4 Nxc2 13. Qxc2 exf4 14. Bxf4
Bc6 15. b4 axb4 16. axb4 cxb4 17. Nd5 Nxd5 18. exd5 Ba4 19. Qd2 b3 20. Bd1
b5 21. Bxb3 bxc4 22. dxc4 Qb6+ 23. Qe3 Qxe3+ 24. Bxe3 Bxb3 25. Rxb3 Ra4 26.
Rb7 Bf6 27. Rc7 h6 28. Rd1 Re8 29. Bf4 Re4 30. Bxd6 Raxc4 31. Rxc4 Rxc4 32.
Kf2 Bg5 33. Rb1 f5 34. Rb8+ Kf7 35. Rb7+ Kf6 36. Bf8 Ke5 37. Bxg7+ Kxd5 38.
Rb5+ Ke4 39. Re5+ Kf4 40. Re2 Kg4 1/2-1/2

[Event "4th Stage Russian Cup"]
[Site "Samara RUS"]
[Date "2002.07.31"]
[Round "6"]
[White "Popov,Val"]
[Black "Temirbaev,S"]
[Result "1-0"]
[WhiteElo "2579"]
[BlackElo "2433"]
[EventDate "2002.07.26"]

1. d4 Nf6 2. c4 g6 3. Nc3 Bg7 4. e4 d6 5. Be2 O-O 6. Nf3 e5 7. Be3 Ng4 8.
Bg5 f6 9. Bc1 Nc6 10. d5 Ne7 11. h3 Nh6 12. h4 Nf7 13. h5 g5 14. Nd2 f5 15.
exf5 Nxf5 16. Nde4 h6 17. O-O c5 18. a3 a5 19. Rb1 Nd4 20. b4 axb4 21. axb4
b6 22. Bg4 cxb4 23. Rxb4 Ra1 24. Bxc8 Qxc8 25. Qd3 Qa6 26. Bd2 Rxf1+ 27.
Qxf1 Rc8 28. Qb1 Rb8 29. Be3 Qc8 30. Ng3 Qc7 31. Na4 Qd7 32. Rxb6 Rxb6 33.
Nxb6 Qg4 34. Qe4 Qd1+ 35. Kh2 Ne2 36. Nxe2 Qxe2 37. g4 Qb2 38. Kg2 Qe2 39.
Nc8 Bf6 40. Kg3 Qe1 41. Kh2 1-0

[Event "4th Stage Russian Cup"]
[Site "Samara RUS"]
[Date "2002.07.31"]
[Round "6"]
[White "Zakharevich,I"]
[Black "Yurtaev,L"]
[Result "0-1"]
[WhiteElo "2463"]
[BlackElo "2552"]
[EventDate "2002.07.26"]

1. d4 Nf6 2. c4 g6 3. Nc3 Bg7 4. e4 d6 5. Be2 O-O 6. Bg5 h6 7. Be3 c5 8. e5
dxe5 9. dxe5 Qxd1+ 10. Rxd1 Ng4 11. Bxc5 Nxe5 12. Nd5 Nbc6 13. f4 Ng4 14.
h3 Nf6 15. Bf3 Bf5 16. Ne2 Rfd8 17. Ng3 Bc2 18. Rc1 Bd3 19. Nb4 Nxb4 20.
Bxb4 h5 21. Bc3 Bh6 22. Be5 Rac8 23. Bxb7 Nd7 24. Bxc8 Nxe5 25. Rd1 Bxf4
26. Ne2 Be3 27. h4 Rxc8 28. Rh3 Bxe2 29. Kxe2 Bb6 30. b3 e6 31. Rc3 Bc5 32.
Rc2 Kf8 33. Rcd2 Ke7 34. Rf1 f5 35. Rfd1 a5 36. g3 Rg8 0-1

[Event "4th Stage Russian Cup"]
[Site "Samara RUS"]
[Date "2002.07.31"]
[Round "6"]
[White "Belozerov,A"]
[Black "Simantsev,M"]
[Result "1-0"]
[WhiteElo "2541"]
[BlackElo "2401"]
[EventDate "2002.07.26"]

1. d4 Nf6 2. c4 c5 3. d5 e6 4. Nc3 exd5 5. cxd5 d6 6. e4 g6 7. Nf3 Bg7 8.
Bg5 O-O 9. Nd2 Re8 10. Be2 Na6 11. O-O Nc7 12. a4 h6 13. Bh4 a6 14. f4 Rb8
15. a5 Bd7 16. Nc4 Bb5 17. e5 Bxc4 18. Bxc4 dxe5 19. d6 Nb5 20. Nxb5 axb5
21. Bxb5 exf4 22. Bxe8 Qxe8 23. Re1 Qc6 24. Qa4 Qxd6 25. Rad1 Qc7 26. Bxf6
Bxf6 27. Re8+ Rxe8 28. Qxe8+ Kh7 29. Rd7 1-0

[Event "4th Stage Russian Cup"]
[Site "Samara RUS"]
[Date "2002.07.31"]
[Round "6"]
[White "Arzumanian,G"]
[Black "Yevseev,D"]
[Result "1/2-1/2"]
[WhiteElo "2461"]
[BlackElo "2546"]
[EventDate "2002.07.26"]

1. e4 c6 2. d4 d5 3. e5 c5 4. dxc5 e6 5. Be3 Nh6 6. c3 Nf5 7. Bd4 Nxd4 8.
cxd4 b6 9. b4 a5 10. b5 bxc5 11. Nf3 a4 12. dxc5 Bxc5 13. Bd3 Nd7 14. O-O
g5 15. Nc3 g4 16. Ne1 Nxe5 17. Rc1 Bd6 18. f4 gxf3 19. Nxf3 Ng4 20. Qe2 Bb7
21. h3 h5 22. Kh1 Bb8 23. b6 Qxb6 24. Rb1 Qc7 25. Qb2 O-O 26. Qxb7 Qxc3 27.
Qxa8 Qxd3 28. hxg4 hxg4 29. Qxa4 Qh7+ 30. Kg1 gxf3 31. Qg4+ Kh8 32. Qd4+ e5
33. Qb6 fxg2 34. Qf6+ 1/2-1/2

[Event "4th Stage Russian Cup"]
[Site "Samara RUS"]
[Date "2002.07.31"]
[Round "6"]
[White "Solovjov,S"]
[Black "Tishin,P"]
[Result "1-0"]
[WhiteElo "2457"]
[BlackElo "2513"]
[EventDate "2002.07.26"]

1. e4 e5 2. Nf3 Nc6 3. Nc3 Nf6 4. g3 d5 5. exd5 Nxd5 6. Bg2 Nxc3 7. bxc3
Bc5 8. O-O O-O 9. Re1 Qf6 10. Rb1 Bb6 11. d3 h6 12. h3 Bd7 13. c4 Rfe8 14.
Be3 Rad8 15. c5 Ba5 16. Nd2 Bc8 17. Qh5 Nd4 18. Bxd4 exd4 19. Rxe8+ Rxe8
20. Ne4 Qe6 21. c6 b6 22. g4 Qxc6 23. g5 hxg5 24. Nxg5 Qg6 25. Qxg6 fxg6
26. Ne4 Re5 27. Kh2 Kf8 28. f4 Re7 29. Kg3 Bd7 30. h4 Ba4 31. Rc1 Re6 32.
h5 gxh5 33. f5 Rc6 34. Rh1 Rh6 35. Ng5 Bd7 36. Be4 h4+ 37. Kg4 g6 38. Ne6+
Ke7 39. Nxd4 c5 40. Nc6+ Bxc6 41. f6+ Kd6 42. Bxc6 Kxc6 43. f7 Rh8 44. Kg5
c4 45. Rxh4 Ra8 46. Rf4 Kd5 47. Re4 Rf8 48. Kxg6 Bd2 49. Kf6 Bg5+ 50. Kg7
Bh6+ 51. Kg6 Bd2 52. Kf6 Bg5+ 53. Kxg5 Rxf7 1-0

[Event "4th Stage Russian Cup"]
[Site "Samara RUS"]
[Date "2002.07.31"]
[Round "6"]
[White "Makarov,M"]
[Black "Abrashkin,B"]
[Result "1/2-1/2"]
[WhiteElo "2512"]
[BlackElo "2379"]
[EventDate "2002.07.26"]

1. e4 Nc6 2. d4 d5 3. e5 Bf5 4. Nf3 e6 5. Be2 f6 6. Bf4 Nge7 7. Bg3 Qd7 8.
c3 fxe5 9. dxe5 Bg4 10. Nbd2 Nf5 11. Qa4 Bxf3 12. Nxf3 Bc5 13. Bb5 O-O
1/2-1/2

[Event "4th Stage Russian Cup"]
[Site "Samara RUS"]
[Date "2002.07.31"]
[Round "6"]
[White "Iljin,A"]
[Black "Kokarev,D"]
[Result "0-1"]
[WhiteElo "2450"]
[BlackElo "2495"]
[EventDate "2002.07.26"]

1. Nf3 g6 2. d4 Nf6 3. c4 Bg7 4. g3 O-O 5. Bg2 d6 6. O-O Nc6 7. Nc3 a6 8.
Re1 Bg4 9. h3 Bxf3 10. Bxf3 Nd7 11. e3 e5 12. d5 Ne7 13. e4 f5 14. h4 Rf7
15. h5 Qf8 16. hxg6 hxg6 17. exf5 Nxf5 18. Be4 Bh6 19. Qg4 Qg7 20. Bg5 Bxg5
21. Qxg5 Raf8 22. Kg2 Qf6 23. Qd2 Nd4 24. Rf1 g5 25. f3 a5 26. Rh1 Nxf3 27.
Qe3 Nd4 28. Raf1 Qe7 29. Rh5 Rg7 30. Rfh1 Kf7 31. Rh6 Ke8 32. Nb5 Nc5 33.
Nxd4 exd4 34. Bg6+ Kd8 35. Qxd4 Rxg6 0-1

[Event "4th Stage Russian Cup"]
[Site "Samara RUS"]
[Date "2002.07.31"]
[Round "6"]
[White "Geller,J"]
[Black "Kovalevskaya,E"]
[Result "1-0"]
[WhiteElo "2406"]
[BlackElo "2486"]
[EventDate "2002.07.26"]

1. e4 c5 2. Nf3 Nc6 3. Nc3 e5 4. Bc4 Be7 5. d3 Nf6 6. Ng5 O-O 7. f4 exf4 8.
Bxf4 d6 9. O-O h6 10. Nf3 Be6 11. Nd5 Bxd5 12. Bxd5 Nxd5 13. exd5 Ne5 14.
d4 Ng6 15. Bg3 c4 16. b3 b5 17. Nd2 cxb3 18. axb3 Qb6 19. Bf2 Bg5 20. c4
bxc4 21. Nxc4 Qb7 22. Qf3 Ne7 23. Ra5 Nc8 24. Bg3 Bd8 25. Ra4 Qd7 26. Ra6
Bb6 27. Kh1 Bxd4 28. Nxd6 Nxd6 29. Rxd6 Qb5 30. Rd1 Bb2 31. Rc6 Rac8 32. h3
f6 33. Rxc8 Rxc8 34. Qg4 Rd8 35. Qe6+ Kh7 36. Bc7 Rd7 37. d6 Be5 38. Qc4
Qb7 39. Rd5 Qc8 40. b4 g6 41. Qc5 Qa6 42. Rd1 Qa4 43. Qd5 Rg7 44. Ba5 Qd7
45. b5 h5 46. Qc6 Rf7 47. Bb4 Rg7 48. Bc5 Qf5 49. d7 Qf4 50. Bg1 1-0

[Event "4th Stage Russian Cup"]
[Site "Samara RUS"]
[Date "2002.07.31"]
[Round "6"]
[White "Sidorov,A"]
[Black "Iskusnyh,S"]
[Result "1/2-1/2"]
[WhiteElo "2384"]
[BlackElo "2485"]
[EventDate "2002.07.26"]

1. d4 d5 2. c4 c6 3. Nc3 Nf6 4. cxd5 cxd5 5. Bf4 Nc6 6. e3 e6 7. Bd3 Be7 8.
Nf3 O-O 9. O-O Nh5 10. Be5 f5 11. Rc1 Nf6 12. Bg3 Bd7 13. Ne5 Rc8 14. Nxc6
Bxc6 15. Rc2 Ne4 16. Bxe4 fxe4 17. Be5 Bf6 18. Bxf6 Rxf6 19. f3 exf3 20.
Rxf3 Qe7 21. Rcf2 Rcf8 22. Rf4 Be8 23. Qg4 Bg6 24. Qg3 Rxf4 25. Rxf4 Rc8
26. h3 Qd6 27. Kh2 Re8 28. Rf2 Qc6 29. Ne2 e5 30. dxe5 Qe6 31. Nf4 Qxe5 32.
Nxg6 hxg6 33. Qxe5 Rxe5 34. Rf3 Re6 35. Kg3 Ra6 36. a3 Rb6 37. Rf2 Rb3 38.
Kf4 g5+ 39. Kxg5 Rxe3 40. Rd2 Rb3 41. Rxd5 Rxb2 42. g4 Rb3 43. Kg6 Rb6+ 44.
Kg5 Ra6 45. Rd7 b5 46. Rb7 Ra5 47. Kg6 Ra6+ 48. Kg5 Rxa3 49. Rxb5 a6 50.
Rb6 Kh7 51. h4 1/2-1/2

[Event "4th Stage Russian Cup"]
[Site "Samara RUS"]
[Date "2002.07.31"]
[Round "6"]
[White "Skatchkov,P"]
[Black "Yandarbiev,R"]
[Result "1/2-1/2"]
[WhiteElo "2485"]
[BlackElo "2357"]
[EventDate "2002.07.26"]

1. d4 Nf6 2. Nf3 g6 3. c3 b6 4. Bg5 Bg7 5. Nbd2 Bb7 6. h4 c5 7. e3 d6 8.
Bxf6 exf6 9. h5 O-O 10. hxg6 hxg6 11. dxc5 bxc5 12. Qa4 f5 13. Qf4 Qe7 14.
g4 fxg4 15. Qxg4 Nd7 16. Bg2 Bd5 17. Qh4 Qxh4 18. Nxh4 Bxg2 19. Nxg2 Ne5
20. Ke2 d5 21. Nf4 Rfd8 22. Nd3 Nxd3 23. Kxd3 Rab8 24. Kc2 Re8 25. Rh4 Re6
26. Ra4 a6 27. Rg1 c4 28. b4 cxb3+ 29. axb3 Rc6 30. c4 f5 31. Ra5 dxc4 32.
Nxc4 Rb5 33. Ra4 Kf7 34. Rd1 Ke7 35. Rd3 g5 36. Kd2 Ke6 37. Ke2 Rd5 38.
Rxd5 Kxd5 39. Ra5+ Ke6 40. e4 fxe4 41. Rxg5 Bf6 42. Ra5 Bd4 43. Rh5 Ke7 44.
Rh7+ Kd8 45. Rh5 Kc7 46. Rd5 Ba7 47. Rf5 Re6 48. Rf7+ Kb8 49. Kd2 Bd4 50.
Ke2 Bc5 51. Rf5 Bd4 52. Rd5 Ba7 1/2-1/2

[Event "4th Stage Russian Cup"]
[Site "Samara RUS"]
[Date "2002.07.31"]
[Round "6"]
[White "Pisakov,I"]
[Black "Akhmetov,A"]
[Result "0-1"]
[WhiteElo "2260"]
[BlackElo "2482"]
[EventDate "2002.07.26"]

1. e4 e5 2. Nf3 Nc6 3. Bb5 Nf6 4. d4 exd4 5. O-O a6 6. Ba4 Be7 7. Re1 O-O
8. e5 Ne8 9. Bf4 b5 10. Bb3 d5 11. c3 Na5 12. cxd4 Nxb3 13. Qxb3 c6 14. a4
Nc7 15. axb5 cxb5 16. Bd2 Bg4 17. Ba5 Qd7 18. Bxc7 Qxc7 19. Nc3 Bxf3 20.
gxf3 Qc4 21. Qxc4 dxc4 22. Nd5 Bd8 23. f4 a5 24. f5 Re8 25. Kg2 a4 26. Kf3
Kf8 27. Rg1 Ra7 28. Ke4 f6 29. f4 Ba5 30. Rg3 Rd7 31. Rd1 b4 32. Ne3 Rc8
33. d5 a3 34. bxa3 b3 35. Rb1 Rb7 36. d6 c3 37. e6 c2 38. Nxc2 bxc2 39.
Rxb7 Rc4+ 40. Kf3 c1=Q 41. e7+ Ke8 42. Rb8+ Rc8 43. Rxc8+ Qxc8 44. Rxg7 0-1

[Event "4th Stage Russian Cup"]
[Site "Samara RUS"]
[Date "2002.07.31"]
[Round "6"]
[White "Kostenko,P"]
[Black "Khairullin,I"]
[Result "1/2-1/2"]
[WhiteElo "2482"]
[BlackElo "2329"]
[EventDate "2002.07.26"]

1. c4 Nf6 2. Nc3 g6 3. g3 Bg7 4. Bg2 O-O 5. d3 c6 6. e4 d5 7. cxd5 cxd5 8.
exd5 Na6 9. Nge2 Nb4 10. Nf4 g5 11. a3 Bg4 12. Qb3 gxf4 13. axb4 f3 14. Bf1
Qd7 15. h3 Bf5 16. g4 Bg6 17. Rg1 Rfd8 18. Rg3 Nxd5 19. Nxd5 Qe6+ 20. Be3
Rxd5 21. Rxf3 Rc8 22. Rd1 Rcd8 23. Rd2 Kh8 24. Bg2 Qa6 25. Rf6 Qa1+ 26. Rd1
Qxd1+ 27. Qxd1 Rxd3 28. Qxd3 Rxd3 29. Rf4 b6 30. Rc4 Bxb2 31. Rc7 h5 32.
Rxe7 hxg4 33. hxg4 Bc3+ 34. Ke2 Bxb4 35. Rxa7 Rd6 36. f4 Bd3+ 37. Kf2 Kg7
38. Rc7 b5 39. f5 Ba5 40. Rb7 Bc3 41. Bh3 Rd5 42. Bg2 1/2-1/2